<?xml version="1.0" encoding="UTF-8"?>
<record
    xmlns:xsi="http://www.w3.org/2001/XMLSchema-instance"
    xsi:schemaLocation="http://www.loc.gov/MARC21/slim http://www.loc.gov/standards/marcxml/schema/MARC21slim.xsd"
    xmlns="http://www.loc.gov/MARC21/slim">

  <leader>00841nam a22002057a 4500</leader>
  <datafield tag="952" ind1=" " ind2=" ">
    <subfield code="0">0</subfield>
    <subfield code="1">0</subfield>
    <subfield code="4">0</subfield>
    <subfield code="7">0</subfield>
    <subfield code="a">18</subfield>
    <subfield code="b">18</subfield>
    <subfield code="d">2016-05-12</subfield>
    <subfield code="l">3</subfield>
    <subfield code="m">1</subfield>
    <subfield code="o">LB2328.62 B84</subfield>
    <subfield code="p">18 002987</subfield>
    <subfield code="r">2018-06-04</subfield>
    <subfield code="s">2018-06-04</subfield>
    <subfield code="t">1</subfield>
    <subfield code="w">2016-05-12</subfield>
    <subfield code="y">LB</subfield>
  </datafield>
  <datafield tag="999" ind1=" " ind2=" ">
    <subfield code="c">99655</subfield>
    <subfield code="d">99655</subfield>
  </datafield>
  <controlfield tag="008">160512s2010    sp d|||| |||| 00| 0 spa d</controlfield>
  <datafield tag="020" ind1=" " ind2=" ">
    <subfield code="a">9788499211169</subfield>
  </datafield>
  <datafield tag="050" ind1="0" ind2="4">
    <subfield code="a">LB2328.62</subfield>
    <subfield code="b">B84</subfield>
  </datafield>
  <datafield tag="245" ind1="1" ind2="0">
    <subfield code="a">Buenas pr&#xE1;cticas docentes en la universidad</subfield>
    <subfield code="b"> : modelo y experiencia en la Universidad de Barcelona</subfield>
    <subfield code="c"> / Teresa Pages, Albert Cornet, Jordi Pardo coordinadores</subfield>
  </datafield>
  <datafield tag="260" ind1="3" ind2=" ">
    <subfield code="a">Espa&#xF1;a</subfield>
    <subfield code="b"> : Octaedro</subfield>
    <subfield code="c">, 2010</subfield>
  </datafield>
  <datafield tag="300" ind1=" " ind2=" ">
    <subfield code="a">248 p&#xE1;ginas</subfield>
    <subfield code="b"> : gr&#xE1;ficas </subfield>
  </datafield>
  <datafield tag="505" ind1=" " ind2=" ">
    <subfield code="a">Artes y humanidades
Ciencias sociales y jur&#xED;dicas
Ciencias
Ciencias de la salud</subfield>
  </datafield>
  <datafield tag="519" ind1=" " ind2=" ">
    <subfield code="a">Material Complementario / </subfield>
    <subfield code="d">(18 002987)</subfield>
  </datafield>
  <datafield tag="650" ind1=" " ind2="0">
    <subfield code="a">EDUCACI&#xD3;N SUPERIOR</subfield>
    <subfield code="z">ESPA&#xD1;A</subfield>
  </datafield>
  <datafield tag="650" ind1=" " ind2="0">
    <subfield code="a">UNIVERSIDAD</subfield>
    <subfield code="z">BARCELONA</subfield>
    <subfield code="x">DISCURSOS, ENSAYOS</subfield>
  </datafield>
  <datafield tag="700" ind1=" " ind2=" ">
    <subfield code="a">Pag&#xE8;s, Teresa</subfield>
    <subfield code="e">coordinador</subfield>
  </datafield>
  <datafield tag="700" ind1="1" ind2=" ">
    <subfield code="a">Cornet, Albert</subfield>
    <subfield code="e">coordinador</subfield>
  </datafield>
  <datafield tag="700" ind1="1" ind2=" ">
    <subfield code="a">Pardo, Jordi</subfield>
    <subfield code="e">coordinador </subfield>
  </datafield>
  <datafield tag="942" ind1=" " ind2=" ">
    <subfield code="c">LB</subfield>
  </datafield>
</record>
